Đo đạc đại cương

Shranjeno v:
Bibliografske podrobnosti
Glavni avtor: Phan Khang
Format: Knjiga
Jezik:Undetermined
Izdano: Hà Nội ĐH và THCN 1970
Teme:
Oznake: Označite
Brez oznak, prvi označite!
Thư viện lưu trữ: Trung tâm Học liệu Trường Đại học Cần Thơ
LEADER 00460nam a2200181Ia 4500
001 CTU_2049
008 210402s9999 xx 000 0 und d
082 |a 526.9 
082 |b Đ400 
100 |a Phan Khang 
245 0 |a Đo đạc đại cương 
245 0 |c Phan Khang 
260 |a Hà Nội 
260 |b ĐH và THCN 
260 |c 1970 
650 |a surveying 
904 |i Minh, 960822 
980 |a Trung tâm Học liệu Trường Đại học Cần Thơ